MARC

LEADER 00000nam0a2200000 4500
001 254604
005 20231101232942.0
010 |a 5339002616 
020 |a RU  |b 89-55418 
035 |a (RuTPU)RU\TPU\book\277090 
090 |a 254604 
100 |a 20140321d1989 k y0rusy5003 ca 
101 0 |a rus 
102 |a BY 
105 |a a g 001zy 
200 1 |a Ресурсосберегающие технологии в сварочном производстве  |e справочное пособие  |f под ред. С. К. Павлюка 
210 |a Минск  |c Вышэйшая школа  |d 1989 
215 |a 439 с.  |c ил. 
320 |a Библиогр. в конце глав. 
320 |a Предм. указ.: с. 432-436. 
606 1 |a Сварочное производство  |2 stltpush  |3 (RuTPU)RU\TPU\subj\54028  |9 72190 
610 1 |a ресурсосберегающие технологии 
610 1 |a справочники 
610 1 |a наплавка 
610 1 |a износостойкость 
610 1 |a термическая резка 
610 1 |a сварка давлением 
610 1 |a энергозатраты 
610 1 |a снижение 
610 1 |a качество 
610 1 |a контроль 
610 1 |a безопасность труда 
675 |a 621.791(035)  |z rus 
702 1 |a Павлюк  |b С. К.  |4 340 
801 0 |a RU  |b RuMRKP  |c 19950417  |g psbo 
801 1 |a RU  |b 63413507  |c 20140321 
801 2 |a RU  |b 63413507  |c 20140702  |g RCR 
942 |c BK